| 000 | 02326nam a22004338a 4500 | ||
|---|---|---|---|
| 001 | 8119 | ||
| 003 | BD-DhEWU | ||
| 005 | 20180128211544.0 | ||
| 008 | 180128s2017 caua g b 001 0 eng d | ||
| 010 | _a 2017008846 | ||
| 020 | _a9781440854408 | ||
| 020 | _z9781440854415 | ||
| 035 | _a(OCLC)985447979 | ||
| 040 |
_aDLC _beng _cDLC _erda _dBD-DhEWU |
||
| 041 | _aeng | ||
| 050 | 0 | 0 |
_aZ682.35.T43 _bH46 2017 |
| 082 | 0 | 0 |
_a025.00285 _223 _bHEK 2017 |
| 100 | 1 |
_aHennig, Nicole, _921738 |
|
| 245 | 1 | 0 |
_aKeeping up with emerging technologies : _bbest practices for information professionals / _cNicole Hennig. |
| 260 |
_aSanta Barbara, _aCalifornia : _bLibraries Unlimited, _c2017. |
||
| 300 |
_avii, 177 p. : _bill. ; _c24 cm. |
||
| 504 | _aIncludes bibliographical references and index. | ||
| 505 | 0 |
_tTOC _aGathering information : sources and strategies -- Gathering information : more strategies -- Gathering information : user needs -- Ethics, inclusion and the digital divide -- Evaluating information -- Experimenting -- Moving towards implementation -- Emerging technologies librarians : defining job roles. |
|
| 520 | _aThis book provides the best practices and skills to keep up with new technologies and to analyze the ability of specific technologies to meet recognized user needs. | ||
| 526 | _aDIS | ||
| 590 | _aSagar Shahanawaz | ||
| 650 | 0 |
_aLibrarians _xEffect of technological innovations on. _921739 |
|
| 650 | 0 |
_aTechnological literacy. _921740 |
|
| 650 | 0 |
_aTechnological innovations _xInformation resources. _921741 |
|
| 650 | 0 |
_aInformation technology _xInformation resources. _921742 |
|
| 650 | 0 |
_aLibraries _xInformation technology _xPlanning. _921743 |
|
| 650 | 0 |
_aLibraries _xInformation technology _xEvaluation. _921744 |
|
| 650 | 0 |
_aPublic services (Libraries) _920931 |
|
| 650 | 0 |
_aLibrary users _xEffect of technological innovations on. _921745 |
|
| 776 | 0 | 8 |
_iOnline version: _aHennig, Nicole, author. _tKeeping up with emerging technologies _dSanta Barbara, California : Libraries Unlimited, an imprint of ABC-CLIO, LLC, [2017] _z9781440854415 _w(DLC) 2017021555 |
| 856 | 4 | 2 |
_3WorldCat details _uhttps://www.worldcat.org/title/keeping-up-with-emerging-technologies-best-practices-for-information-professionals/oclc/985447979&referer=brief_results |
| 942 |
_2ddc _cTEXT |
||
| 999 |
_c8119 _d8119 |
||
| 999 |
_c8119 _d8119 |
||